Il diario della signorina snob /

Guardat en:
Dades bibliogràfiques
Autor principal: Valeri, Franca (Autor)
Altres autors: Rosselli, Colette
Format: Llibre
Idioma:italià
Publicat: Torino : Lindau, 2003
Etiquetes: Afegir etiqueta
Sense etiquetes, Sigues el primer a etiquetar aquest registre!

MARC

LEADER 00000nam a2200000 i 4500
001 IT\ICCU\LO1\0789123
003 ItRI
005 20260115231920.0
008 031114s2003 it |||||| ||||| |||||c
015 |2 IT  |a 2004-12909 
020 |a 8871804740 
040 |b ita  |c importazione bologna sebina 
041 7 |a ita  |2 ISO-639-2 
082 |a 857.914  |9 SATIRA E UMORISMO ITALIANO, 1945-1999  |2 21 
082 |a 858.91402  |9 MISCELLANEA ITALIANA. 1945-1999. Aneddoti, citazioni, epigrammi, facezie, graffiti  |2 21 
100 1 |a Valeri, Franca  |0 IT\ICCU\RAVV\070025  |4 aut 
240 1 3 |a Il diario della signorina snob  |3 IT\ICCU\URB\0985140  |9 Valeri, Franca 
245 1 3 |a Il diario della signorina snob /  |c di Franca Valeri ; illustrato da Colette Rosselli. 
260 |a Torino :  |b Lindau,  |c 2003 
300 |a 56 p. :  |b ill. ;  |c 28 cm. 
700 1 |a Rosselli, Colette  |0 IT\ICCU\CFIV\001361 
790 0 |a Donna Letizia  |3 IT\ICCU\CFIV\049432  |z Rosselli, Colette 
790 0 |a Nicoletta  |c  (illustratrice)  |3 IT\ICCU\SBNV\046941  |z Rosselli, Colette 
790 1 |a Norsa, Alma,  |d  (1920-2020)  |3 IT\ICCU\CFIV\121191  |z Valeri, Franca 
790 1 |a Norsa, Franca Maria,  |d  (1920-2020)  |3 IT\ICCU\CFIV\229156  |z Valeri, Franca 
942 |2 ddc  |c BK  |n 0 
952 |0 0  |1 0  |4 0  |6 DOC_853_914000000000000_VAL  |7 0  |9 16356  |a BO  |b BO  |d 2026-01-15  |i 8060  |l 0  |o DOC 853.914 VAL  |p BO8060  |r 2026-01-15 23:19:20  |w 2026-01-15  |x [Sebina 5] [1 v.]  |y BK  |z 1 v. 
999 |c 14034  |d 14034